000 00447nam a22001697a 4500
003 NUST - PNEC
005 20170116181153.0
008 160105b xxu||||| |||| 00| 0 eng d
020 _a-
040 _cLIBRARY
082 _a649.1 HAS
100 _915658
_aHasan Khalid Zubairi
245 _aBachon ki ghiza aur dekh bhal
_cDr. Hasan Khalid Zubairi
260 _aKarachi:
_cc2012.
650 _915659
_aChild Health
_xGeneral
942 _2ddc
_cBK
999 _c71071
_d71071